000 00573nmm a2200169Ia 4500
008 251105s9999||||xx |||||||||||||||||und||
020 _a9789587385717
041 _aspa
100 _aJaramillo Jassir, Iván Daniel
245 0 _aDerecho del trabajo en el posfordismo : El proyecto de regulación universal en la globalización económica
264 _a[Bogotá, Colombia] :
_bUniversidad del Rosario,
_c2015
300 _a370 páginas
490 _aTextos de Jurisprudencia
650 _aLaw
856 _uhttps://public.digitaliapublishing.com/a/46515
942 _cCF
999 _c95815
_d95815